000 00254nam a22001217a 4500
008 180306b xxu||||| |||| 00| 0 eng d
041 _aeng
080 _a51
100 _a36
101 _aMAT
245 _aCollege algebra
_cDenbow,C.H
942 _2udc
_cBK
999 _c44177
_d44177